000 00725nam a2200253I 4500
008
049 _aMAIN
090 _aRC46
_bCEC
100 1 _aCecil, Russell L.
245 1 0 _aCecil-Loeb Textbook of medicine.
_cEdited by Paul B. Beeson [and] Walsh McDermott.
246 _aBy American Authors.
250 _a3rd ed.
260 _aPhiladelphia,
_bSaunders,
_c1935.
300 _axix, 1664n p.
_c27 cm.
504 _aIncludes bibliographies.
650 0 _aInternal medicine.
700 1 _aKennedy, Foster.
700 1 _aMcDermott, Walsh.
907 _a.b10245510
_b24-04-15
_c21-05-07
003
005 20230120203950.0
040 _cNUST
942 _cBOOKS
_kRC46
_mCEC
999 _c114721
_d114721